Statistics for Guess the 1970s song lyrics #244

Click here to take the quiz!

General Stats

  • This quiz has been taken 9 times
  • The average score is 155 of 258

Answer Stats

Answer% Correct
a
88%
A
88%
And
88%
and
88%
be
88%
I
88%
if
88%
in
88%
In
88%
it
88%
of
88%
to
88%
you
88%
all
75%
can
75%
can't
75%
her
75%
I'm
75%
I've
75%
know
75%
life
75%
love
75%
my
75%
say
75%
she
75%
tell
75%
Tell
75%
That
75%
that
75%
the
75%
The
75%
there
75%
want
75%
why
75%
asks
63%
But
63%
but
63%
For
63%
for
63%
from
63%
got
63%
how
63%
I'll
63%
just
63%
knew
63%
me
63%
told
63%
we
63%
where
63%
asking
50%
cannot
50%
country
50%
feel
50%
girl
50%
live
50%
need
50%
out
50%
reasons
50%
she'll
50%
air
38%
castle
38%
castles
38%
city
38%
come
38%
despair
38%
dream
38%
everyone
38%
goodbye
38%
last
38%
lead
38%
must
38%
part
38%
share
38%
tired
38%
true
38%
try
38%
walls
38%
woman
38%
world
38%
again
25%
ain't
25%
another
25%
away
25%
born
25%
bowing
25%
chance
25%
cocktail
25%
dance
25%
devoid
25%
die
25%
express
25%
face
25%
forest
25%
generation
25%
green
25%
Hills
25%
hills
25%
morning
25%
mountains
25%
music
25%
pain
25%
Partners
25%
Perhaps
25%
plain
25%
plays
25%
remain
25%
romance
25%
Save
25%
second
25%
sky
25%
strife
25%
sunlight
25%
touch
25%
trouble
25%
understand
25%
waltz
25%
weak
25%
wife
25%
words
25%
worth
25%
till
13%
reaons
0%

Score Distribution

Percentile by Number Answered

Percent of People with Each Score

Your Score History

You have not taken this quiz